000 006660000a22001690004500
003 MACL
005 20160205155415.0
008 160205b xxu||||| |||| 00| 0 eng d
040 _aMACL
_cmacl
041 _aSanskrit
082 _a020
100 _aड़यूई मे‍ल्विल
_936972
245 _aचयनात्‍मक हिंदी ड़यूई दशमलव वर्गोकरण एवं सापेक्षिक अनुक्रभणिका
260 _bलेक प्‍लेसिड क्‍लब
_c1976
_aन्‍यु यॉर्क
650 _aLibrary & Inf Science
_936940
942 _cSAN
_k020
_2ddc
999 _c27356
_d27356